书目信息 |
| 题名: |
世界政党纵横谈
|
|
| 作者: | 吴锡山 , 肖益民 著 | |
| 分册: | ||
| 出版信息: | 北京 党建读物出版社 1995 |
|
| 页数: | 270页 | |
| 开本: | 19cm | |
| 丛书名: | ||
| 单 册: | ||
| 中图分类: | D564 | |
| 科图分类: | 31.39 | |
| 主题词: | 政党--研究--世界 | |
| 电子资源: | ||
| ISBN: | 7-80098-173-8 | |
| 000 | 00742nam0 2200253 45 | |
| 001 | 0197102293 | |
| 005 | 20070721090346.53 | |
| 010 | @a7-80098-173-8@dCNY12.00 | |
| 100 | @a19960824d1995 em y0chiy0121 ea | |
| 101 | 0 | @achi |
| 102 | @aCN@b110000 | |
| 105 | @ay z 000yy | |
| 200 | 10 | @a世界政党纵横谈@ASHI JIE ZHENG DANG ZONG HENG TAN@f吴锡山,肖益民著@FWU XI SHAN , XIAO YI MIN ZHU |
| 210 | @a北京@c党建读物出版社@d1995 | |
| 215 | @a270页@d19cm | |
| 314 | @a吴锡山,党建理论宣传与研究人员 | |
| 314 | @a肖益民,党建理论宣传与研究人员 | |
| 606 | @a政党@x研究@y世界 | |
| 690 | @aD564 | |
| 692 | @a31.39 | |
| 701 | 0 | @a吴锡山@AWU XI SHAN@4著 |
| 701 | 0 | @a肖益民@AXIAO YI MIN@4著 |
| 801 | 0 | @aCN@bTSSF@c20070721 |
| 905 | @a10447@dD564@e166 | |
| 世界政党纵横谈/吴锡山,肖益民著.-北京:党建读物出版社,1995 |
| 270页;19cm |
| ISBN 7-80098-173-8:CNY12.00 |
| ● |
| 相关链接 |
|
|
|
|
正题名:世界政党纵横谈
索取号:D564/166
 
预约/预借
| 序号 | 登录号 | 条形码 | 馆藏地/架位号 | 状态 | 备注 |
| 1 | 0770003 | 207700031 | 第一样本阅览室/ [索取号:D564/166] | 在馆 |